Statystyki dla państwa Europy w 1914

Kliknij tutaj aby rozwiązać quiz!

Ogólne statystyki

  • Ten quiz został rozwiązany 75 razy
  • Średni wynik to 20 z 25

Statystyki odpowiedzi

Państwa% Poprawnych
Cesarstwo Rosyjskie
95%
Cesarstwo Niemieckie
94%
Włochy
94%
Austro-Węgry
92%
Francja
90%
Szwecja
90%
Grecja
89%
Hiszpania
89%
Norwegia
89%
Serbia
89%
Wielka Brytania
89%
Portugalia
86%
Bułgaria
83%
Rumunia
83%
Dania
81%
Holandia
81%
Belgia
79%
Szwajcaria
79%
Luksemburg
73%
Albania
70%
Czarnogóra
67%
Andora
60%
San Marino
60%
Liechtenstein
59%
Monako
52%

Rozkład punktacji

Percentyl według liczby udzielonych odpowiedzi

Procent ludzi z każdym wynikiem

Twoja historia wyników

Nie rozwiązałeś tego quizu